[Event "Regionalliga SO 1617 (Women)"]
[Site "Germany"]
[Date "2016.10.23"]
[Round "1.3"]
[White "Sandner, Heike"]
[Black "Monossova, Maria"]
[Result "1/2-1/2"]
[WhiteElo "1718"]
[BlackElo "1604"]
[PlyCount "54"]
[EventDate "2016.10.23"]
[EventType "team-tourn"]
[EventRounds "5"]
[EventCountry "GER"]
[SourceTitle "EXT 2018"]
[Source "ChessBase"]
[SourceDate "2017.10.13"]
[SourceVersion "1"]
[SourceVersionDate "2017.10.13"]
[SourceQuality "1"]
[WhiteTeam "Rodewisch (W) II"]
[BlackTeam "Saalfeld (W)"]
[WhiteTeamCountry "GER"]
[BlackTeamCountry "GER"]

1. e4 e6 2. d4 d5 3. exd5 exd5 4. Nf3 Bd6 5. Nc3 Nf6 6. Bg5 c6 7. Bd3 0-0 8. 0-0 Bg4 9. Be2 Nbd7 10. Re1 Qb6 11. Qd2 Rfe8 12. Nh4 Bxe2 13. Bxf6 Nxf6 14. Nxe2 Re6 15. Nf5 Ne4 16. Qd3 Bc7 17. Rab1 Rae8 18. Nc3 Qb4 19. Nxe4 Rxe4 20. Rxe4 Rxe4 21. c3 Qf8 22. f3 Re6 23. Qd2 Qe8 24. Ng3 Bxg3 25. hxg3 Re2 26. Qd1 Qe3+ 27. Kh1 Qh6+ 1/2-1/2

[Event "GER-chT U14 Girls"]
[Site "Dittrichshuette"]
[Date "2008.12.29"]
[Round "5.2"]
[White "Monossova, Maria"]
[Black "Schlimpert, Vanessa"]
[Result "1-0"]
[WhiteElo "1024"]
[BlackElo "972"]
[PlyCount "121"]
[EventDate "2008.12.27"]
[EventType "team-swiss"]
[EventRounds "7"]
[EventCountry "GER"]
[SourceTitle "EXT 2010"]
[Source "ChessBase"]
[SourceDate "2010.11.25"]
[SourceVersion "1"]
[SourceVersionDate "2010.11.25"]
[SourceQuality "1"]
[WhiteTeam "Jena Schott"]
[BlackTeam "Leipzig BSG Chemie"]
[WhiteTeamCountry "GER"]
[BlackTeamCountry "GER"]

1. e4 e5 2. f4 d6 3. Nf3 Nc6 4. d3 Nf6 5. Be3 Qe7 6. Nc3 Bg4 7. Be2 g6 8. Qd2 Bh6 9. 0-0-0 Qd7 10. h3 Be6 11. g4 Bxf4 12. Bxf4 exf4 13. Qxf4 Qd8 14. e5 Nd5 15. Nxd5 Bxd5 16. Kb1 Qe7 17. d4 0-0-0 18. Rhe1 Bxf3 19. Bxf3 dxe5 20. dxe5 Rxd1+ 21. Bxd1 f6 22. Qxf6 Qxf6 23. exf6 g5 24. f7 Kd7 25. c3 Rf8 26. b4 Rxf7 27. a4 Re7 28. Rxe7+ Nxe7 29. Bf3 c6 30. Kb2 Kc7 31. Kb3 b6 32. c4 Kb7 33. b5 h6 34. Kb4 a5+ 35. bxa6+ Kxa6 36. c5 Nd5+ 37. Bxd5 cxd5 38. cxb6 Kxb6 39. Kc3 Kc6 40. Kd4 Kd6 41. a5 Kc6 42. a6 Kb6 43. Kxd5 Kxa6 44. Ke6 Kb5 45. Kf6 Kc5 46. Kg6 Kd5 47. Kxh6 Ke6 48. Kxg5 Kf7 49. h4 Kg7 50. Kf5 Kh7 51. g5 Kg7 52. h5 Kh7 53. Kf6 Kh8 54. g6 Kg8 55. h6 Kh8 56. g7+ Kg8 57. h7+ Kxh7 58. Kf7 Kh6 59. g8Q Kh5 60. Kf6 Kh6 61. Qg6# 1-0

[Event "GER-chT U14 Girls"]
[Site "Dittrichshuette"]
[Date "2008.12.27"]
[Round "2.2"]
[White "Finke, Lara"]
[Black "Monossova, Maria"]
[Result "1-0"]
[WhiteElo "1164"]
[BlackElo "1024"]
[PlyCount "73"]
[EventDate "2008.12.27"]
[EventType "team-swiss"]
[EventRounds "7"]
[EventCountry "GER"]
[SourceTitle "EXT 2010"]
[Source "ChessBase"]
[SourceDate "2010.11.25"]
[SourceVersion "1"]
[SourceVersionDate "2010.11.25"]
[SourceQuality "1"]
[WhiteTeam "Dortmund 1875"]
[BlackTeam "Jena Schott"]
[WhiteTeamCountry "GER"]
[BlackTeamCountry "GER"]

1. e4 e6 2. d4 d5 3. exd5 exd5 4. Nf3 Bd6 5. Nc3 Nf6 6. Be2 Nc6 7. 0-0 Bf5 8. Bg5 0-0 9. Nxd5 Be7 10. Nxe7+ Nxe7 11. Bxf6 gxf6 12. c3 Kh8 13. Re1 Rg8 14. Bc4 Bh3 15. g3 Qd6 16. Bxf7 Rg7 17. Bc4 c6 18. Bf1 Bg4 19. Bg2 Qd7 20. Qd2 Bh3 21. Qh6 Bxg2 22. Kxg2 Rg6 23. Qf4 Rag8 24. Nh4 R6g7 25. Qxf6 Nd5 26. Qf5 Qxf5 27. Nxf5 Rg5 28. Ne7 Rf8 29. Nxd5 Rxd5 30. Re2 Rdf5 31. f4 Rb5 32. b4 a5 33. a3 Rd5 34. Ree1 axb4 35. axb4 b6 36. Re6 c5 37. Ra6 1-0